000 017100000a22003970004500
001 51342
010 _a978-972-26-2302-5
021 _aPT
_b241609/06
100 _a20120510d2008 a||y0pory5003 ba
101 0 _apor
102 _aPT
200 1 _aHá sempre uma estrela no Natal
_fLuísa Ducla Soares
_gil. Fátima Afonso
210 _aPorto
_cCivilização
_d2006
215 _a[44] p.
_cil.
300 _aLivro recomendado PNL
606 _92112
_aLiteratura infanto-juvenil
_xConto
675 _a821.134.3-34
_vBN
_zpor
675 _a821.134.3-93
_vBN
_zpor
700 1 _943572
_aSoares
_bLuísa Ducla
_f1939-
702 1 _96052
_4440
_aAfonso
_bFátima
801 _aPT
_bBN
_c20120510
090 _a51342
942 _cMON
_n0
999 _a51342